00765nam a22002417a 450000500170000001000110001702000100002803500110003803700160004904000120006508200160007710000180009324500540011126000420016527000470020730000250025450000200027965000160029965000220031594200250033799900190036295201420038120170124110201.0 a940857 c00.00 a940857 bCen Lib/Ret aDPLbEN a181.43bSUR aSurath936176 aScientific yoga for the man of today /cby Surath aCaliforniabRanney Publicationsc1971 aP. O. Box 270, Mountain CenterbCalifornia axix,169p. c22cm(Hb) aIncludes index  aYoga936177 aPsychology936178 2ddccENh181.43mSUR c132927d132927 04104070aLbLd2015-07-24eCen Lib/Retg0.00l0o181.43 SURp940857r2015-07-24 00:00:00t1v0.00w2015-07-24yENzW/d list no. 6804/8